000
00194 a2200097 4500
245
_a
VANITY FAIR
_h
Text
100
_a
THACKERAY, W.M
650
_a
English Novel
005
20191017173114.0
260
_c
1847
084
_a
NONE
999
_c
9805
_d
9805